| 000 | 01264nam a2200217Ia 4500 | ||
|---|---|---|---|
| 003 | Ost | ||
| 005 | 20260507075055.0 | ||
| 008 | 260507s9999||||xx |||||||||||||| ||und|| | ||
| 040 | _cfsecg | ||
| 041 | _aara | ||
| 082 | _a657 | ||
| 100 |
_aدبيان، عبد المقصود _eمؤلف |
||
| 245 | 0 |
_aالمحاسبة في الشركات : _bالتضامن-التوصية البسيطة-ذات المسؤولية المحدودة / _c عبد المقصود دبيان |
|
| 260 |
_aالاسكندرية: _bالدار الجامعية, _c2004 |
||
| 300 |
_a440 صفحة؛ _bإيضاحات ؛ _c24 سم |
||
| 520 | _aالمحاسبة في شركات الأشخاص،تكوين شركات الأشخاص،الجوانب القانونية والإدارية،تكوين شركات الأشخاص-المعالجات الحسابية،المحاسبة في شركات الأموال،تكوين شركات الأموال-الإجراءات والقواعد والنماذج،تكوين شركات الأموال-المعالجات المحاسبية لإصدار الأسهم | ||
| 653 | _aشركات الأشخاص | ||
| 653 | _aمحاسبة الشركات | ||
| 700 |
_aعبد اللطيف، ناصر نور الدين _eمؤلف ثانوي |
||
| 942 | _cكتاب | ||
| 999 |
_c42732 _d42732 |
||